Statistics for Countries Where Women Outnumber Men

Click here to take the quiz!

General Stats

  • This quiz has been taken 41 times
    (23 since last reset)
  • The average score is 10 of 29

Answer Stats

COUNTRY% Correct
Russia
80%
Japan
75%
Belarus
70%
Ukraine
70%
Estonia
65%
Latvia
65%
Lithuania
65%
Croatia
55%
Poland
55%
Slovakia
55%
Italy
50%
Hungary
45%
Armenia
40%
Georgia
40%
North Korea
40%
Kazakhstan
25%
Cambodia
20%
Antigua and Barbuda
15%
Chad
15%
Nauru
15%
Barbados
10%
Cape Verde
10%
Comoros
10%
Djibouti
10%
Mauritania
10%
San Marino
10%
Uruguay
10%
El Salvador
5%
Senegal
5%

Score Distribution

Percentile by Number Answered

Percent of People with Each Score

Your Score History

You have not taken this quiz since the last reset